| 000 | 00895 a2200217 4500 | ||
|---|---|---|---|
| 003 | Nust | ||
| 005 | 20230316145807.0 | ||
| 010 | _a 80020683 | ||
| 020 | _a0830612297 (pbk.) : | ||
| 020 | _a0830698442 : | ||
| 040 | _cNust | ||
| 082 | 0 | 0 | _a629.8043,TED |
| 100 | 1 |
_aTedeschi, Frank P. _9103347 |
|
| 245 | 1 | 0 |
_aHow to design, build & use electronic control systems / _cby Frank P. Tedeschi. |
| 250 | _a1st ed. | ||
| 260 |
_aBlue Ridge Summit, Pa. : _bTab Books, _cc1981. |
||
| 300 |
_a308 p. : _bill. ; _c22 cm. |
||
| 505 | _aFundamental Concepts (Page-9), Block Diagram Algebra (Page-24), The Mathematics of Control Systems (Page-39), Frequency Response Fundamentals (Page-68), Control System Stability Analysis (Page-102), Control System Components (Page-137), Practical Control Systems (Page-221), The Phase-Locked Loop (Page-251). | ||
| 650 | 0 | _aElectronic control. | |
| 942 |
_2ddc _cBK |
||
| 999 |
_c183887 _d183887 |
||